[Event "Reykjavik zt"]
[Site "Reykjavik"]
[Date "1995.??.??"]
[Round "3"]
[White "Degerman, Lars"]
[Black "Stefansson, Hannes"]
[Result "0-1"]
[WhiteElo "2490"]
[BlackElo "2530"]
[Annotator "Ftacnik,L"]
[PlyCount "50"]
[EventDate "1995.03.??"]
[EventType "swiss"]
[EventRounds "11"]
[EventCountry "ISL"]
[SourceTitle "CBM 047"]
[Source "ChessBase"]
[SourceDate "1995.08.01"]
[SourceVersion "1"]
[SourceVersionDate "1995.08.01"]
[SourceQuality "1"]

1. Nf3 d5 2. c4 c6 3. d4 Nf6 4. Nc3 e6 5. e3 Nbd7 6. Qc2 Bd6 7. g4 dxc4 8. Bxc4
Nd5 9. Ne4 (9. Bd2 b6 10. e4 $5 Nxc3 11. Bxc3 Bb7 12. O-O-O b5 $5 13. Bd3 Qb6
14. b4 $2 a5 $1 15. bxa5 Rxa5 $1 16. Bxa5 Qxa5 17. Nd2 $8 c5 18. dxc5 Nxc5 19.
Nb3 Qa3+ 20. Kb1 Nxd3 21. Qxd3 O-O 22. f3 Be5 $44 {Gelfand,B-Lautier,J/Dos
Hermanas/1994/0.5 (50)}) 9... Be7 10. Bd2 b6 (10... b5 11. Bd3 Bb7 12. g5 Nb4
13. Bxb4 Bxb4+ 14. Ke2 Be7 15. Nc5 Nxc5 16. dxc5 Bxg5 17. Bxh7 Be7 18. Rhd1 Qa5
19. Ne5 b4 20. Rac1 Qxc5 21. Qxc5 Bxc5 22. Rxc5 Rxh7 23. Rd4 a5 24. Kf3 {
Mozetic,D-Kosic,D/Belgrade (03)/1994/0-1 (51)}) 11. O-O-O (11. h4 Bb7 12. Rh3
Qc7 13. O-O-O c5 14. dxc5 Nxc5 $6 15. Bb5+ Bc6 16. Bxc6+ Qxc6 17. Ne5 Qc7 18.
Nxc5 Qxc5 19. Qxc5 Bxc5 20. g5 $6 Rc8 21. Kb1 Bd6 22. Nd3 O-O 23. e4 Ne7 24.
Bc3 $14 {Marin,M-Gurevich,M/Tilburg/1993/0.5 (44)}) 11... Bb7 12. Kb1 Qc7 (
12... Rc8 13. Ne5 O-O 14. h4 c5 $1 15. Nxd7 Qxd7 16. dxc5 Qc6 $1 17. Ng5 g6 18.
Nxh7 $5 Rfd8 $1 19. Ng5 Qxc5 20. b3 Nb4 $1 21. Bxb4 Qxb4 22. Nxf7 $8 Rxd1+ 23.
Rxd1 Kxf7 24. h5 $13 {Krasenkov,M-Buturin,V/Pardubice op/1994/0.5 (44)}) 13.
Rhg1 a5 14. Rc1 c5 $5 (14... b5 15. Bxd5 exd5 16. Ng3 $14) 15. dxc5 bxc5 (15...
Nxc5 16. Bb5+ Bc6 17. Bxc6+ Qxc6 18. Rgd1 $14) 16. Bb5 O-O 17. Bxd7 Qxd7 18.
Nxc5 (18. Rgd1 $1 Qc7 $5 (18... Rfc8 19. Neg5 Bxg5 (19... g6 20. Nxf7 $1) 20.
Nxg5 g6 21. e4 $16) (18... Rac8 19. Bxa5) 19. Nxc5 Nc3+ 20. Qxc3 Bxf3 21. Rf1
Rfd8 $132) 18... Bxc5 19. Qxc5 Nf6 $1 20. g5 $2 (20. Nd4 Ne4 21. Qc2 Nxf2 (
21... Rfc8 22. Bc3 Rab8 23. Ka1 Bd5 $44) 22. Qc7 Qd5 $17) 20... Bxf3 21. gxf6
Be4+ 22. Ka1 Qxd2 23. Rxg7+ (23. Qd4 Qxd4 24. Rxg7+ Kh8 25. exd4 Bg6 $19) 23...
Kh8 24. b3 a4 25. bxa4 (25. b4 Qxf2 26. Qg5 Bg6 $19) 25... Rfb8 (25... Rfb8 26.
Qa3 Rxa4 $19) 0-1

[Event "Petrov Memorial op"]
[Site "St Petersburg"]
[Date "1996.??.??"]
[Round "4"]
[White "Riazantsev, Alexander"]
[Black "Filippov, Valerij"]
[Result "0-1"]
[WhiteElo "2300"]
[BlackElo "2530"]
[Annotator "Ftacnik,L"]
[PlyCount "44"]
[EventDate "1996.02.??"]
[EventType "swiss"]
[EventRounds "9"]
[EventCountry "RUS"]
[SourceTitle "CBM 052"]
[Source "ChessBase"]
[SourceDate "1996.06.01"]
[SourceVersion "1"]
[SourceVersionDate "1996.06.01"]
[SourceQuality "1"]

1. d4 d5 2. c4 c6 3. Nf3 Nf6 4. Nc3 e6 5. e3 Nbd7 6. Qc2 Bd6 7. b3 O-O 8. Be2
e5 9. cxd5 Nxd5 10. Nxd5 cxd5 11. dxe5 Nxe5 12. O-O $2 (12. Nd4 Qg5 13. g3 Qf6
14. f4 Nc6 15. Bb2 Qe7 16. Kf2 Re8 17. Qd3 Bc5 18. Bf3 Bh3 19. Rhe1 Rac8 20.
Re2 Bb6 21. a3 Qd7 {0-1 Tomaszewski,R-Hawelko,M/POL-ch (12)/1986/ (28)}) (12.
Bb2 $1 Bb4+ 13. Kf1 (13. Bc3 Nxf3+ 14. Bxf3 Qf6 (14... Qc7 $1 15. Rc1 Ba3 16.
Bb2 Qa5+ 17. Bc3 Qc7 $10) 15. Rc1 Bf5 16. Qd2 Bxc3 17. Rxc3 Rac8 18. Rxc8 Rxc8
19. O-O Be4 20. Bxe4 dxe4 21. h3 {1/2-1/2 Foisor,O-Kaidanov,G/Tbilisi/1986/ 
(43)}) 13... Nxf3 14. Bxf3 Be6 15. Qd3 (15. g3 Bh3+ 16. Ke2 Qg5 17. Qd3 Rfd8
18. Rhd1 Bg4 19. Rac1 Qh5 20. Bxg4 Qxg4+ 21. Kf1 h5 22. Qd4 Rac8 23. Qxg4 hxg4
{1-0 Huebner,R-Westerinen,H/Solingen/1986/ (52)}) 15... Be7 16. g3 (16. Ke2 Qa5
(16... Bf6 17. Bd4 Bxd4 18. Qxd4 Qa5 19. Qa4 Qxa4 20. bxa4 Rac8 21. Rhc1 b6 22.
a5 bxa5 23. Kd2 Rfd8 24. Rxc8 Rxc8 25. Rb1 {1/2-1/2 Shtern,I-Donaldson,J/
American op (08)/1989/ (55)}) (16... Qd7 17. Rhd1 Rfd8 18. Kf1 Rac8 19. Qe2 Qc7
20. g3 Qa5 21. Rd4 Bc5 22. Ra4 Qb6 23. Kg2 d4 24. exd4 Bxd4 25. Bxd4 Rxd4 {
1-0 Olafsson,H-Rasmussen,K/Manila olm/1992 (49)}) 17. Rhc1 Rac8 18. a3 h6 19.
Kf1 Qb6 20. Kg1 Qd6 21. Bd1 Rc6 22. Rxc6 bxc6 23. Bc2 f5 24. b4 c5 25. bxc5
Qxc5 26. Qd4 Qxd4 27. Bxd4 {1/2-1/2 Portisch,L-Huebner,R/Brussels OHRA-A/1986/
(38)}) (16. h4 Bf6 17. Bd4 Rc8 (17... Bxd4 18. Qxd4 Qb6 (18... Qa5 19. h5 h6
20. Rh4 Rfc8 21. Qb4 Qa6+ 22. Kg1 Rc2 23. a4 Qc6 24. a5 Rc8 25. Rd1 {1-0
Lombardy,W-Nogueiras,J/Mexico/1980/ (41)}) (18... Qa5 {- 30/573}) 19. Qxb6 axb6
20. Ke2 Ra5 21. Rhd1 Rfa8 22. a4 b5 23. Rd4 bxa4 24. Raxa4 Rxa4 25. bxa4 Kf8
26. Rb4 Ra7 {1/2-1/2 Kamsky,G-Shirov,A/Las Palmas (03)/1994/ (40)}) 18. g3 Bxd4
19. Qxd4 Qa5 20. Kg2 Rc2 21. Rhd1 a6 22. a4 Qc3 23. Rd3 Qxd4 24. Rxd4 Rc3 25.
Rb1 Rd8 26. e4 Bh3+ 27. Kxh3 Rxf3 28. Kg2 Rc3 29. exd5 {1-0 Borges Mateos,
J-Diaz,JC/CUB-ch Holguin (05)/1991/ (49)}) 16... Qd7 17. h4 Rfd8 18. Kg2 Bf5
19. Qe2 Be4 20. Kh2 Rac8 21. Rac1 a6 22. h5 Qe6 23. Rhd1 Rxc1 24. Rxc1 Rc8 25.
Bg4 Rxc1 26. Bxc1 Bf5 27. Bxf5 Qxf5 {1/2-1/2 Agdestein,S-Pinter,J/Taxco izt 
(14)/1985/ (51)}) 12... Nxf3+ 13. Bxf3 Qh4 14. g3 (14. h3 $2 Bxh3 $19 15. Rd1
Bh2+ 16. Kf1 Qf6 17. Bxd5 Bf5 18. e4 Bg4 19. Ba3 Qa6+ {0-1 Portisch,L-Ribli,Z/
Montpellier ct (06)/1985/}) (14. Rd1 Qxh2+ 15. Kf1 Be6 $17) 14... Qf6 15. Bxd5
Bf5 (15... Qxa1 16. Bb2 Qxf1+ (16... Qxa2 17. Qc3 Qxb2 18. Qxb2 $16) 17. Kxf1
Bh3+ 18. Ke2 $16) 16. e4 (16. Qb2 Be5) (16. Bb2 Bxc2 17. Bxf6 gxf6 $19) (16.
Qd2 Be5 17. Ba3 Bxa1 18. Bxf8 Rxf8 19. Bxb7 Bc3 $19) 16... Bh3 17. Rd1 (17.
Bxb7 $2 Qf3 18. e5 Qxb7 19. f3 Bxe5 $19) (17. e5 Bxe5 18. Rb1 Bxf1 19. Kxf1
Rac8 $19) 17... Be5 $1 (17... Qxa1 18. Bf4 $1 (18. Bb2 Rac8 $1) 18... Rac8 (
18... Qf6 19. Bxd6 Rac8 20. Qd2 Rfd8 $13) 19. Qe2 Qf6 (19... Qxd1+ 20. Qxd1
Bxf4 21. gxf4 Rc7 22. f3 $14) 20. Bxd6 Rfd8 21. e5 $13) 18. f4 (18. Ba3 $2 Qf3)
18... Bxa1 {Sad but true, white have lost the whole rook.} 19. Ba3 Rfd8 (19...
Bd4+ 20. Kh1 Bg4 21. Rd3 Rfc8 $19) 20. e5 Qa6 21. Bd6 Rac8 (21... Bd4+ 22. Kh1
(22. Rxd4 Qf1#) 22... Bg4 23. Rb1 Rac8 $19) 22. Bc4 b5 0-1

[Event "Interzonal-14c"]
[Site "Zagreb"]
[Date "1987.??.??"]
[Round "11"]
[White "Eingorn, Vereslav S"]
[Black "Torre, Eugenio"]
[Result "1-0"]
[WhiteElo "2575"]
[BlackElo "2540"]
[Annotator "Ftacnik,L"]
[PlyCount "67"]
[EventDate "1987.08.01"]
[EventType "tourn"]
[EventRounds "17"]
[EventCountry "YUG"]
[EventCategory "12"]
[SourceTitle "CBM 004"]
[Source "ChessBase"]
[SourceDate "1988.06.01"]
[SourceVersion "1"]
[SourceVersionDate "1988.06.01"]
[SourceQuality "1"]

1. d4 d5 2. c4 c6 3. Nc3 Nf6 4. e3 e6 5. Nf3 Nbd7 6. Qc2 Bd6 7. Be2 O-O 8. O-O
e5 9. cxd5 cxd5 10. dxe5 Nxe5 11. Rd1 Qc7 12. h3 a6 13. Bd2 Qe7 $6 (13... Nxf3+
14. Bxf3 Be6 15. Rac1 Rac8 $10) 14. Be1 Be6 15. Nd4 {/\ Nf5} Bb8 16. e4 $1 Nc6
(16... dxe4 17. Nxe6 fxe6 (17... Qxe6 18. Nxe4 $14 {^^})) 17. Nxe6 (17. exd5
Nxd4 (17... Nb4 {/\ Nbd5}) 18. Rxd4 Qd6 19. Bf3 $5 $13 (19. g3 Ba7 $10)) 17...
fxe6 18. exd5 Nb4 19. Qb3 Nbxd5 (19... Qd6 20. g3 Ba7 $132 {Torre,E}) 20. Bf3
Qc7 21. g3 Ba7 22. Nxd5 Nxd5 (22... Qxg3+ $4 23. Bg2 $18) (22... exd5 23. Bxd5+
Nxd5 24. Rac1 Qe7 (24... Qf7 25. Qxd5 Qxd5 26. Rxd5 Rf3 27. Kg2 Raf8 28. Rc2
$16) 25. Rxd5 Kh8 26. Qd3 $16 (26. Bb4 $2 Bxf2+ 27. Kh2 Qe3 28. Bxf8 Bxg3+ 29.
Kh1 Qxc1+ $17)) 23. Bxd5 exd5 24. Rac1 Qe7 25. Rc2 (25. Rxd5 {>=}) 25... Rf5
26. g4 Rg5 27. Kg2 (27. Bd2 Qe2 28. Rf1 $16 Rxg4+ $2 29. hxg4 Qxg4+ 30. Kh2
Qh5+ (30... Bb8+ 31. f4 Qe2+ 32. Kg3 $18) 31. Qh3 Bb8+ 32. Kg2 Qg6+ 33. Kh1
Qxc2 34. Qe6+ $18) 27... h5 28. f3 hxg4 29. hxg4 Qd7 (29... Qe6 30. Bg3 {/\ Qb7
}) 30. Rcd2 Re8 31. Rxd5 Rxd5 32. Rxd5 Qe6 33. Bf2 Bxf2 34. Re5 $3 1-0

[Event "Ter Apel"]
[Site "Ter Apel"]
[Date "1990.02.12"]
[Round "1"]
[White "Van der Sterren, Paul"]
[Black "Bagirov, Vladimir"]
[Result "0-1"]
[WhiteElo "2515"]
[BlackElo "2470"]
[Annotator "Ftacnik,L"]
[PlyCount "108"]
[EventDate "1990.02.12"]
[EventType "tourn"]
[EventRounds "5"]
[EventCountry "NED"]
[EventCategory "10"]
[SourceTitle "CBM 017"]
[Source "ChessBase"]
[SourceDate "1990.08.01"]
[SourceVersion "1"]
[SourceVersionDate "1990.08.01"]
[SourceQuality "1"]

1. d4 d5 2. c4 c6 3. Nf3 Nf6 4. Nc3 e6 5. e3 Nbd7 6. Bd2 dxc4 7. Bxc4 b5 8. Bd3
Bb7 9. O-O b4 10. Ne4 Be7 11. Nxf6+ (11. Rc1 $5) 11... Nxf6 12. e4 O-O 13. Be3
c5 14. dxc5 Bxe4 15. Bxe4 Nxe4 16. Qc2 Nxc5 $6 (16... Nf6 {/\ Qd5,Rfc8}) 17.
Bxc5 Qc7 18. Rfc1 $2 (18. Rac1 $5 Rfc8 19. Qe4 $1 Bxc5 20. Ng5 g6 (20... h6 21.
Qh7+ Kf8 22. Ne4 Bxf2+ 23. Kxf2 $1 (23. Nxf2 Qxc1 $1 24. Rxc1 Rxc1+ 25. Nd1
Rxd1+ 26. Kf2 Rad8 $17) 23... Qf4+ 24. Ke2 $1 Qg4+ 25. Ke3 f5 26. Rxc8+ Rxc8
27. Rf4 $1 (27. Qh8+ Ke7 28. Qxc8 Qxe4+ 29. Kd2 Qd4+ 30. Kc2 Qe4+) 27... Qxg2
28. Qh8+ Ke7 29. Qxc8 $18) 21. Qf3 f5 (21... Qe7 22. Rxc5 $1 Rxc5 23. Qxa8+ $18
) 22. Qb3 $1 $40 (22. Nxe6 Bxf2+ $1 23. Kxf2 Qb6+ 24. Qe3 Qxe3+ 25. Kxe3 Re8
26. Rc6 Kf7)) 18... Rfc8 19. Bxe7 (19. Qe4 Bxc5 20. Ng5 g6 21. Qf3 f5 22. Qb3
Qb6 23. Qxe6+ Qxe6 24. Nxe6 Be7 {/\ Bf6=/+}) 19... Qxc2 20. Rxc2 Rxc2 21. Bxb4
Rxb2 22. Bc3 Rc2 23. Be1 Rd8 24. a4 f6 25. g4 $2 (25. Kf1 $13) 25... e5 26. Rb1
Rc4 27. Rb4 Rxb4 28. Bxb4 e4 29. Nd2 Rd4 30. Bc3 e3 $1 31. fxe3 Rxg4+ 32. Kf2
Rxa4 33. e4 Ra3 34. Bb4 Rd3 35. Ke2 Rh3 36. Nf3 Rh5 37. Bd6 Kf7 38. Nd4 a5 39.
Kd3 Rh3+ 40. Kc4 Re3 41. Kd5 a4 42. Nb5 g5 43. Kd4 Re2 44. Kd3 Rb2 45. Nc3 a3
46. Bxa3 Rxh2 47. Bd6 Rh3+ 48. Kd4 Ke6 49. Bb8 h5 50. Nd5 Rb3 51. Bc7 h4 52.
Ne3 Rb7 53. Bh2 Rb2 54. Bc7 Kd7 {Ftacnik,L} 0-1

[Event "Tata Steel-A 78th"]
[Site "Wijk aan Zee"]
[Date "2016.01.18"]
[Round "3"]
[White "Mamedyarov, Shakhriyar"]
[Black "Eljanov, Pavel"]
[Result "0-1"]
[WhiteElo "2747"]
[BlackElo "2760"]
[Annotator "Ftacnik,L"]
[PlyCount "76"]
[EventDate "2016.01.16"]
[EventType "tourn"]
[EventRounds "13"]
[EventCountry "NED"]
[EventCategory "20"]
[SourceTitle "CBM 171"]
[Source "ChessBase"]
[SourceDate "2016.03.14"]
[SourceVersion "2"]
[SourceVersionDate "2016.03.14"]
[SourceQuality "1"]

1. d4 d5 2. c4 c6 3. Nc3 Nf6 4. e3 a6 5. Nf3 e6 6. b3 Bb4 {Black is forcing
the white bishop on to the modest square d2, but the first player hopes to
activate his modest piece in the future.} 7. Bd2 O-O 8. Bd3 Nbd7 9. Qc2 Qe7 {
The queen move strives to activate the piece that is not yet developed.} ({
The move most often tested was the logical retreat of the bishop to a central
square:} 9... Bd6 10. Ne2 (10. O-O b6 (10... e5 11. cxd5 cxd5 12. dxe5 Nxe5 13.
Nxe5 Bxe5 14. h3 Bd7 15. f4 Bd6 16. Ne2 Rc8 17. Qb2 Ne4 18. Bxe4 dxe4 19. Bc3
f6 20. Rfd1 Qe7 $11 {1/2 (34) Movsesian,S (2699)-Kobalia,M (2651)
Khanty-Mansiysk 2013}) 11. e4 (11. a4 Bb7 12. a5 c5 13. cxd5 exd5 14. axb6 cxd4
15. exd4 Nxb6 16. Na4 Nxa4 17. Rxa4 Ne4 18. Rfa1 Qf6 $11 {0-1 (36) Wirig,A 
(2477)-Riazantsev,A (2638) Evry 2008}) 11... dxc4 12. Bxc4 e5 13. Rad1 b5 14.
Be2 Re8 15. dxe5 Bxe5 16. Nxe5 Nxe5 17. Kh1 Ng6 18. Be3 Qe7 19. f3 Bb7 20. Rfe1
$14 {1/2 (71) Hauchard,A (2526)-Riazantsev,A (2682) Biel 2010}) (10. e4 dxc4
11. bxc4 e5 12. c5 Bc7 13. O-O exd4 14. Na4 Re8 15. h3 h6 16. Rfe1 Rb8 17. Rad1
Nh5 18. Nxd4 Ne5 19. Be2 Qh4 20. Bxh5 Qxh5 21. f4 Bxh3 22. gxh3 Rbd8 23. Be3
Rxd4 $11 {0-1 (29) Ataman,A (2209)-Gurevich,M (2607) Ankara 2008}) 10... c5 (
10... Re8 11. Rd1 e5 12. dxe5 Nxe5 13. Nxe5 Bxe5 14. cxd5 cxd5 15. Bc3 Qd6 16.
h3 Bd7 17. Bxe5 Qxe5 18. O-O Qg5 19. f4 Qh4 20. Rf3 {1-0 (45) Kengis,E (2528)
-Riazantsev,A (2603) Hamburg 2005} Bg4 21. hxg4 Nxg4 $11) (10... e5 11. cxd5
cxd5 12. dxe5 Nxe5 13. Nxe5 Bxe5 14. Bc3 Bxc3+ 15. Qxc3 Bg4 16. O-O Rc8 17. Qd4
Bxe2 18. Bxe2 Qa5 {1/2 (18) Jussupow,A (2570)-Kempinski,R (2595) Germany 2009})
11. O-O b6 12. cxd5 exd5 13. Ng3 Bb7 14. Nf5 Bc7 15. dxc5 bxc5 16. b4 c4 17.
Be2 Ne4 18. Bc3 Nxc3 19. Qxc3 Nf6 20. Rfd1 Bc8 21. Rxd5 Qe8 22. Bxc4 $18 {
1-0 (22) Huzman,A (2574)-Kasparov,G (2830) Rethymnon 2003}) (9... h6 10. O-O
Bd6 11. Rad1 e5 12. cxd5 cxd5 13. e4 dxe4 14. Nxe4 Nxe4 15. Bxe4 exd4 16. Nxd4
Nf6 17. Nf5 Nxe4 18. Qxe4 Bxf5 19. Qxf5 {1/2 (19) Beinoras,M (2426)-Malakhatko,
V (2612) Panevezys 2008}) 10. Ne5 $5 {Judging the knight move to the centre is
not easy. Mamedyarov would not try to complicate matters if the normal
developing moves promised an advantage. Preventing the opening of the centre
with e6-e5 forces Black to adapt to different challenges.} (10. cxd5 exd5 11.
Ne2 a5 12. Ng3 Re8 13. h4 Ne4 14. Bxe4 dxe4 15. Bxb4 axb4 16. Nd2 Nf6 17. h5 h6
18. Nc4 Ra6 19. Ne5 c5 $15 {1/2 (73) Harikrishna,P (2673)-Dreev,A (2694)
Khanty-Mansiysk 2005}) 10... Nxe5 (10... c5 11. O-O h6 (11... Rd8 12. f4 cxd4
13. exd4 dxc4 14. bxc4 Nf8 15. Be3 Bd7 16. Ne4 Nxe4 17. Bxe4 f6 18. Nxd7 Rxd7
19. a3 Ba5 20. Bf2 Rc8 21. Qa4 $14 {1-0 (43) Lebreton,F (2037)-Fougerit,V 
(2239) France 2009}) 12. Nxd7 (12. a3 $1 $14) 12... Bxd7 13. a3 dxc4 14. bxc4
Ba5 15. Nd5 exd5 16. Bxa5 Rfc8 17. Qa2 dxc4 18. Bxc4 b5 19. Bb3 c4 20. Bc2 Bc6
21. Rfe1 Be4 $11 {0-1 (42) Livner,A (2250)-Gagarin,V (2424) Stockholm 2005})
11. dxe5 Ng4 {[%mdl 4] The knight moves into the enemy territory with the
ambition to stir up trouble before White can finish the development of his
pieces.} ({The other option is the safer move} 11... Nd7 12. f4 h6 13. e4 dxc4
14. Bxc4 b5 15. Be2 Bb7 16. O-O Rad8 17. Kh1 f6 18. exf6 Nxf6 19. Bf3 e5 20. a3
Bxa3 21. fxe5 Nd7 22. b4 Bxb4 23. Qb3+ Kh8 24. Nd5 cxd5 25. Bxb4 Qxe5 26. exd5
Rfe8 $11 {0-1 (58) Adly,A (2480)-Ragger,M (2433) Groningen 2005}) 12. f4 (12.
Bxh7+ Kh8 13. Bd3 Nxe5 14. Be2 f5 15. O-O Bd7 16. Rad1 b5 17. f4 Ng4 18. Bxg4
fxg4 19. Ne4 Bxd2 20. Qxd2 bxc4 21. bxc4 $14 {1/2 (84) Jussupow,A (2608)
-Georgiev,V (2535) Turin 2006}) 12... Bc5 $6 {The counterplay in this obvious
form will fail, so the bishop move can not be the best idea. In the future
players will surely try the idea of 12...f5! solving all the problems for the
defender.} (12... f5 $1 $11) 13. Ke2 Rd8 (13... Qh4 14. Raf1 Nxh2 15. Rf3 Nxf3
16. Bxh7+ Kh8 17. Rxh4 Nxh4 18. Bd3 $16) (13... d4 14. exd4 Bxd4 15. Bxh7+ Kh8
16. Qd3 Rd8 17. Qh3 $16) 14. h3 $6 {This second-rate move only prods Black
into realising his tactical idea without adding anything substantial to the
problem. It was much more clever to remove the knight from c3 with a clear
advantage for White.} (14. Na4 $1 Ba7 (14... d4 15. Nxc5 Qxc5 16. exd4 Qxd4 17.
Raf1 f5 18. exf6 Nxf6 19. Bc3 Qc5 20. Rf3 $16) 15. h3 Nh6 16. Ba5 Rf8 17. g4
$16) 14... Nxe3 $1 15. Bxe3 Bxe3 16. Kxe3 d4+ 17. Kf3 dxc3 18. Rad1 Bd7 {
Eljanov must have been judging the situation finely, striving to find the
relatively best solution. Saving the h7-pawn would have cost him precious time.
} (18... h6 19. Qxc3 b6 20. Be4 Bb7 21. Qe3 c5 22. Rd6 $1 $14) 19. Bxh7+ Kh8 (
19... Kf8 20. Be4 f5 21. exf6 Qxf6 22. Qf2 Be8 23. Qc5+ Kf7 24. Ke2 $14) 20.
Bd3 f5 $2 {The good idea from move 12 is now suffering the fate of slow
solutions. Black should have hurried with pushing his bishop to c6.} (20... c5
$1 21. Qxc3 Bc6+ 22. Kg3 (22. Be4 Qh4 23. Rxd8+ Rxd8 24. Bxc6 bxc6 25. Qc2 $14)
22... f5 23. Qc1 $14) 21. Qxc3 c5 (21... g5 22. Be2 c5 23. Qe3 Bc6+ 24. Kf2 Kh7
25. Rhg1 $16) 22. Kf2 Bc6 (22... g5 23. Bxf5 gxf4 24. Be4 Qh4+ 25. Kg1 $16) 23.
Be2 b5 {The Ukrainian player is admitting, that his strategy at the transition
to the middlegame was not really successful. Naturally without a pawn he is
obliged to seek for counterplay one way or another.} (23... g5 24. Qg3 Rg8 25.
Rhg1 $16) 24. Qe3 bxc4 (24... Be4 25. h4 $16) 25. Bxc4 Bb5 26. Be2 (26. Qe2 Rd4
27. Rxd4 cxd4 28. Rd1 Qh4+ 29. g3 Qxh3 30. Qf3 Qh2+ 31. Qg2 Qxg2+ 32. Kxg2 Bxc4
33. bxc4 Rd8 34. Kf3 $16) 26... Bxe2 (26... Rd4 $5 27. Rxd4 (27. Bf3 Rc8 28.
Rhe1 $16) 27... cxd4 28. Qxd4 Bxe2 29. Kxe2 Rd8 30. Qf2 $1 Qd7 31. Kf3 $16) 27.
Kxe2 c4 $2 {This sacrifice hoping to open access into White's territory is
simply wrong. Black should have tried his luck with more patient resistance.} (
27... Kg8 28. Rxd8+ Rxd8 29. Rd1 Rxd1 30. Kxd1 Qb7 31. Qd2 $16) 28. bxc4 Qb4
29. Qb3 (29. c5 Rdc8 30. Rc1 Qb2+ 31. Kf3 Qxa2 32. Kg3 $16) 29... Qc5 30. Qc3
Rac8 31. Kf3 Kg8 {The lack of good solutions does not mean that Black is not
obliged to make sensible moves. Mamedyarov should now demonstrate his skill in
converting his huge advanatge.} (31... Rxd1 $2 32. Rxd1 Qxc4 33. Rd8+ Kh7 34.
Rxc8 $18) (31... Rg8 32. h4 Qc6+ 33. Kg3 Qxc4 34. Qxc4 Rxc4 35. Rd6 Ra4 36. Rc1
Ra3+ 37. Kh2 Ra4 38. g3 Rxa2+ 39. Kh3 Re8 40. Rcc6 $16) 32. Kg3 a5 33. Rxd8+
Rxd8 34. Rb1 a4 (34... Rc8 35. Rd1 Rc7 36. Rd8+ Kf7 37. Qf3 Ke7 38. Rh8 Qxc4
39. Qa8 Qc3+ 40. Kh4 $18) (34... Qc6 35. Qc2 Qc5 36. Qe2 $16) 35. Kh2 (35. Rb4
Rd3+ 36. Qxd3 Qxb4 37. Qc2 Qa3+ 38. Kf2 Qc5+ 39. Ke2 Qa3 40. Kd1 $16) 35... Qc6
(35... Qf2 36. Qg3 Qxg3+ 37. Kxg3 Rd2 38. Rb6 Kf7 39. Rb7+ Kf8 40. a3 Rd3+ 41.
Kh4 Rc3 42. Rc7 Rxa3 43. Ra7 Ra2 44. g4 fxg4 45. hxg4 $18) 36. Qg3 {Time
trouble has marred a lot of games in chess history. White is missing a very
good chance to make serious progress.} (36. c5 $1 Rc8 37. Rd1 $18) 36... Qe4
37. Qg5 Rc8 $6 (37... Qxb1 38. Qxd8+ Kh7 39. Qh4+ Kg8 40. Qf2 a3 41. g4 g5 42.
fxg5 Qb2 43. Kg2 Qxe5 $16) 38. c5 $4 {In the comedy of errors, White seems to
want the last word. Naturally it feels truly absurd to overlook the rook at
the moment, when the position is already completely winning.} (38. Rb6 $1 Qxc4
39. Rb7 Rc7 40. Qd8+ $18) 38... Qxb1 0-1

[Event "Stara Zagora zt-A"]
[Site "Stara Zagora"]
[Date "1990.??.??"]
[Round "13"]
[White "Georgiev, Kiril"]
[Black "Lukacs, Peter"]
[Result "1-0"]
[WhiteElo "2605"]
[BlackElo "2505"]
[Annotator "Ftacnik,L"]
[PlyCount "66"]
[EventDate "1990.02.??"]
[EventType "tourn"]
[EventRounds "13"]
[EventCountry "BUL"]
[EventCategory "9"]
[SourceTitle "CBM 017"]
[Source "ChessBase"]
[SourceDate "1990.08.01"]
[SourceVersion "1"]
[SourceVersionDate "1990.08.01"]
[SourceQuality "1"]

1. c4 e6 2. Nc3 d5 3. d4 c6 4. e3 Nf6 5. Nf3 Nbd7 6. a3 Bd6 7. b4 O-O 8. Bb2
Qe7 9. Qc2 e5 10. cxd5 e4 $6 (10... cxd5 11. Nb5 $14) 11. dxc6 $1 exf3 12. cxd7
fxg2 13. Bxg2 Bxd7 14. Bxb7 Rab8 15. Bf3 Rfc8 16. Qd3 Be6 (16... a5 $5 17. b5
Rxc3 18. Qxc3 Bxb5 $16) 17. d5 Bg4 18. Bxg4 Nxg4 19. Ne4 Be5 20. d6 $1 Qe6 21.
d7 Rd8 22. O-O-O a5 23. Nc5 $1 Bxb2+ 24. Kxb2 Qf6+ 25. Qd4 axb4 26. a4 Nxf2 27.
Qxf6 Nxd1+ 28. Rxd1 gxf6 29. Rd5 Kf8 30. a5 Ke7 31. a6 Rb5 32. Kb3 Ra8 (32...
Ra5 33. Kxb4 $16) 33. d8=Q+ $1 Rxd8 {Ftacnik,L} (33... Rxd8 34. Rxd8 Kxd8 35.
a7 Ra5 36. Nb7+ $18) 1-0

[Event "Lvov zt"]
[Site "Lvov"]
[Date "1990.??.??"]
[Round "?"]
[White "Lputian, Smbat G"]
[Black "Novikov, Igor A"]
[Result "1-0"]
[WhiteElo "2545"]
[BlackElo "2550"]
[Annotator "Ftacnik,L"]
[PlyCount "135"]
[EventDate "1990.02.??"]
[EventType "swiss"]
[EventRounds "9"]
[EventCountry "URS"]
[SourceTitle "CBM 018"]
[Source "ChessBase"]
[SourceDate "1990.10.01"]
[SourceVersion "1"]
[SourceVersionDate "1990.10.01"]
[SourceQuality "1"]

1. d4 d5 2. c4 e6 3. Nc3 c6 4. Nf3 Nf6 5. e3 Nbd7 6. Be2 Bd6 7. b3 O-O 8. Bb2
Qe7 (8... Ne4 $5 $13) 9. O-O (9. Qc2 $5) 9... Ne4 10. Nxe4 dxe4 11. Ne5 f5 $6 (
11... f6) 12. a4 $1 Nxe5 (12... c5 13. f4 $14) 13. dxe5 Bb4 14. Qc2 b6 (14...
a5 15. Bd4 c5 16. Bb2 {x Bb4}) 15. Rfd1 Bb7 16. Bc3 Bxc3 (16... a5 17. Bxb4
axb4 18. c5 $1) 17. Qxc3 Rfd8 18. c5 $1 Qxc5 19. Qxc5 bxc5 20. Bc4 $6 (20. a5
$1 a6 21. Bc4 $16) 20... Kf7 21. a5 Ke7 22. h4 Rxd1+ 23. Rxd1 Bc8 24. Kf1 Bd7
25. Ke2 Rd8 26. Rd6 Rf8 27. g3 Rd8 28. Ke1 Rg8 29. Kd2 g5 30. hxg5 Rxg5 31. Ke2
Rh5 32. Rd1 Rh2 33. Rf1 Be8 34. Kd2 h5 $1 (34... Bh5 35. Be2) 35. Be2 h4 36.
gxh4 Rxh4 37. Rc1 Rh2 38. Ke1 {/\ 39.Rc5 f4 40.Bf1} Rh1+ 39. Kd2 Rh2 40. Rf1
Rh4 41. Rg1 Rh2 42. Ke1 Bf7 43. Ba6 Rh8 44. Bc4 Rh2 45. Kf1 Rh4 46. Ke2 Rh2 47.
Rf1 Rh8 48. Kd2 Rh3 49. Rc1 Rh2 50. Rf1 Rh3 51. Be2 Be8 52. a6 Rh4 53. Rc1 Rh2
54. Rf1 Rh4 55. Rb1 Rh2 $2 (55... f4 $1 56. b4 fxe3+ 57. Kxe3 Rh3+ 58. Kd2 e3+
$1 59. fxe3 Rh2 $132) 56. b4 $1 Rxf2 57. Ke1 Rh2 58. bxc5 Rh1+ $2 (58... Bh5 $5
) 59. Bf1 Bh5 60. Rb7+ Kd8 61. Rxa7 Bg4 62. Kf2 $1 (62. Rg7 Bh3 63. a7 Rxf1+
64. Kd2 Ra1 65. a8=Q+ Rxa8 66. Rg8+ Kd7 67. Rxa8 $16) 62... Rh2+ 63. Kg3 Ra2
64. Bc4 Ra4 65. Bxe6 f4+ 66. Kxg4 fxe3 67. Kg3 Ra1 68. Bc4 {Ftacnik,L} 1-0